书目信息 |
| 题名: |
毛泽东开辟中国革命道路的理论创新
|
|
| 作者: | 黄允升 著 | |
| 分册: | ||
| 出版信息: | 北京 中央文献出版社 2006.01 |
|
| 页数: | 408页 | |
| 开本: | 23cm | |
| 丛书名: | ||
| 单 册: | ||
| 中图分类: | A841.64 | |
| 科图分类: | ||
| 主题词: | 毛泽东军事思想--农村包围城市--理论研究--学习 , 毛泽东著作研究 | |
| 电子资源: | ||
| ISBN: | 7-5073-2014-6 | |
| 000 | 00669nam0 2200205 450 | |
| 001 | 0652354838 | |
| 005 | 20061009164617.42 | |
| 010 | @a7-5073-2014-6@dCNY 36.00 | |
| 100 | @a20060901d2006 km y0chiy0120 ea | |
| 101 | 0 | @achi |
| 102 | @aCN@b110000 | |
| 200 | 1 | @a毛泽东开辟中国革命道路的理论创新@Amao ze dong kai bi zhong guo ge ming dao lu de li lun chuang xin@f黄允升著@Fhuang yun sheng zhu |
| 210 | @a北京@c中央文献出版社@d2006.01 | |
| 215 | @a408页@d23cm | |
| 606 | 0 | @a毛泽东军事思想@x农村包围城市@x理论研究@x学习 |
| 606 | 0 | @a毛泽东著作研究 |
| 690 | @aA841.64@v4 | |
| 701 | 0 | @a黄允升@Ahuang yun sheng@4著 |
| 801 | @aCN@c20061009 | |
| 905 | @a10447@dA841.64@eH916 | |
| 毛泽东开辟中国革命道路的理论创新/黄允升著.-北京:中央文献出版社,2006.01 |
| 408页;23cm |
| ISBN 7-5073-2014-6:CNY 36.00 |
| ● |
| 相关链接 |
|
|
|
正题名:毛泽东开辟中国革命道路的理论创新
索取号:A841.64/H916
 
预约/预借
| 序号 | 登录号 | 条形码 | 馆藏地/架位号 | 状态 | 备注 |
| 1 | 610765 | 206107657 | 社科库509/509社科库 5排1列5层/ [索取号:A841.64/H916] | 在馆 | |
| 2 | 610766 | 206107666 | 社科库509/509社科库 5排1列5层/ [索取号:A841.64/H916] | 在馆 | |
| 3 | 610767 | 206107675 | 社科库509/509社科库 5排1列5层/ [索取号:A841.64/H916] | 在馆 |